000
00274nam a2200121 a 4500
008
101208s1976|||| d
100
1
_a
Urbanová, Norma
245
1
0
_a
Jozef BendĂk
260
_b
Pallas
_a
Bratislava
_c
1976
020
_c
48
041
_a
slo
044
_a
xo
_c
SK
999
_c
14895
_d
14895